| 000 | 00988nam a2200241 a 4500 | ||
|---|---|---|---|
| 001 | 1333 | ||
| 003 | BR-CuiBMT | ||
| 005 | 20231205205533.0 | ||
| 008 | 230711s2007 mtb s000 0 por d | ||
| 040 |
_aBR-CuiBMT _cBR-CuiBMT |
||
| 080 |
_a351.94:336.148 _22007 |
||
| 090 |
_dTCE/MT _a351.94:336.148 _bM433c |
||
| 110 | 1 |
_aMato Grosso. _bTribunal de Contas. |
|
| 245 | 1 | 0 |
_aConsolidação de entendimentos técnicos : _bdecisões em consultas / _cTribunal de Contas de Mato Grosso. |
| 260 |
_aCuiabá : _bPublicontas, _c2007. |
||
| 300 |
_a127 p.: _c23 cm |
||
| 500 | _aPublicações do Diário Oficial do Estado de Mato Grosso e do Diário Oficial de Contas do TCE-MT. período de janeiro/2001 a abril /2007. | ||
| 610 | 1 |
_aMato Grosso. _bTribunal de Contas _xControle externo |
|
| 650 |
_aControle administrativo _zMato Grosso _zBrasil |
||
| 650 |
_aControle externo _xTribunal de contas _zMato Grosso |
||
| 650 |
_aFiscalização _xAdministração pública _zMato Grosso |
||
| 942 |
_2udc _cLV |
||
| 999 |
_c1333 _d1333 |
||